| 000 | 00628nam a22001577a 4500 | ||
|---|---|---|---|
| 008 | 170309b xxu||||| |||| 00| 0 eng d | ||
| 082 |
_22016 _aUT 0716 _bAl14 |
||
| 100 |
_919301 _aAlbiar, Rutchelle M. |
||
| 245 |
_aSex Ratio Analysis of Elementary And Secondary Public Schools in the Philippines _cRutchelle M. Albiar, Reynaldo A. Gonzales Jr. and Cristine MAe P. Villarba. |
||
| 300 |
_a62 page; _b29 cm. |
||
| 650 | 0 |
_919302 _aEducation _vMathematics _xUndergraduate Thesis. |
|
| 700 |
_919303 _aAlbiar, Rutchelle M. |
||
| 700 |
_919304 _aGonzales, Reynaldo A. Jr. |
||
| 700 |
_919305 _aVillarba, Cristine Mae P. |
||
| 942 |
_2ddc _cUT |
||
| 999 |
_c6396 _d6396 |
||